[Event "Cesme op-A 9th"]
[Site "Cesme"]
[Date "2023.06.22"]
[Round "6"]
[White "Kazimova, Narmin Nizami Qizi"]
[Black "Shivakumar, Shawnak"]
[Result "1/2-1/2"]
[WhiteElo "2158"]
[BlackElo "2431"]
[PlyCount "67"]
[EventDate "2023.06.19"]
[EventType "swiss"]
[EventRounds "9"]
[EventCountry "TUR"]
[SourceTitle "CBM 214 Extra"]
[Source "ChessBase"]
[SourceDate "2023.07.31"]
[SourceVersion "1"]
[SourceVersionDate "2023.07.31"]
[SourceQuality "1"]

1. d4 d5 2. c4 e6 3. Nc3 Nf6 4. Nf3 c6 5. e3 Nbd7 6. Qc2 Bd6 7. Bd3 0-0 8. 0-0 e5 9. cxd5 cxd5 10. e4 dxe4 11. Nxe4 Nxe4 12. Bxe4 h6 13. Be3 exd4 14. Bxd4 Nf6 15. Bf5 Qa5 16. Bxc8 Rfxc8 17. Qb3 Qd5 18. Rfd1 Qxb3 19. axb3 Bc5 20. g3 a6 21. Bxf6 gxf6 22. Nh4 Rd8 23. Nf5 Kh7 24. Rac1 b6 25. Kg2 Re8 26. b4 Bxb4 27. Rc4 Bc5 28. b4 Bf8 29. Rd7 Rad8 30. Rb7 Rb8 31. Ra7 Ra8 32. Rb7 Rab8 33. Ra7 Ra8 34. Rb7 1/2-1/2

[Event "Colonia de Sant Jordi 2nd"]
[Site "Colonia de Sant Jordi"]
[Date "2023.06.10"]
[Round "2"]
[White "Macias Pino, Diego"]
[Black "Shivakumar, Shawnak"]
[Result "1-0"]
[WhiteElo "2408"]
[BlackElo "2431"]
[PlyCount "65"]
[EventDate "2023.06.09"]
[EventType "tourn"]
[EventRounds "9"]
[EventCountry "ESP"]
[EventCategory "7"]
[SourceTitle "CBM 214 Extra"]
[Source "ChessBase"]
[SourceDate "2023.07.31"]
[SourceVersion "1"]
[SourceVersionDate "2023.07.31"]
[SourceQuality "1"]

1. e4 c6 2. Nf3 d5 3. d3 Bg4 4. Nbd2 Nd7 5. Be2 Qc7 6. d4 dxe4 7. Nxe4 Ngf6 8. Nxf6+ Nxf6 9. Ne5 Bxe2 10. Qxe2 Rd8 11. c3 e6 12. h4 h6 13. Rh3 c5 14. Qb5+ Nd7 15. Rf3 a6 16. Qa4 b5 17. Qxa6 Nxe5 18. dxe5 Rb8 19. a4 Be7 20. axb5 Qxe5+ 21. Kf1 g5 22. Qc6+ Kf8 23. Be3 Rd8 24. Re1 Qd5 25. Qxd5 Rxd5 26. c4 Rd7 27. hxg5 hxg5 28. Ke2 f5 29. Rh3 Rxh3 30. gxh3 e5 31. f3 Kf7 32. Ra1 Rd8 33. Ra7 1-0

[Event "Titled Tuesday intern op 04th Apr Early"]
[Site "Chess.com INT"]
[Date "2023.04.04"]
[Round "1"]
[White "Shivakumar, Shawnak"]
[Black "Dubreuil, Julien"]
[Result "1-0"]
[WhiteElo "2418"]
[BlackElo "2173"]
[PlyCount "71"]
[EventDate "2023.04.04"]
[EventType "swiss (blitz)"]
[EventRounds "11"]
[EventCountry "USA"]
[SourceTitle "EXT 2024"]
[Source "ChessBase"]
[SourceDate "2023.10.10"]
[SourceVersion "1"]
[SourceVersionDate "2023.10.10"]
[SourceQuality "1"]

1. c4 c5 2. Nf3 g6 3. Nc3 Bg7 4. e3 Nf6 5. d4 cxd4 6. Nxd4 0-0 7. Be2 d5 8. 0-0 dxc4 9. Bxc4 a6 10. a4 Bd7 11. a5 Nc6 12. Nxc6 Bxc6 13. Qb3 Nd7 14. Rd1 Qe8 15. Bd5 Nc5 16. Qa3 Bxd5 17. Nxd5 Rc8 18. e4 e6 19. Nb6 Rc6 20. Be3 Nxe4 21. Nd7 Qc8 22. Nxf8 Bxf8 23. Qd3 Nf6 24. Qd8 Nd5 25. Qxc8 Rxc8 26. Rac1 Re8 27. Bc5 Bg7 28. b4 h5 29. f3 h4 30. Kf2 g5 31. Bd4 Bf8 32. Bc5 Bg7 33. g3 h3 34. Rd3 Be5 35. Re1 Bg7 36. Rxd5 1-0

[Event "Titled Tuesday intern op 28th Mar Early"]
[Site "Chess.com INT"]
[Date "2023.03.28"]
[Round "6"]
[White "Cuenca Jimenez, Jose Fernando"]
[Black "Shivakumar, Shawnak"]
[Result "0-1"]
[WhiteElo "2553"]
[BlackElo "2418"]
[PlyCount "80"]
[EventDate "2023.03.28"]
[EventType "swiss (blitz)"]
[EventRounds "11"]
[EventCountry "USA"]
[SourceTitle "EXT 2024"]
[Source "ChessBase"]
[SourceDate "2023.10.10"]
[SourceVersion "1"]
[SourceVersionDate "2023.10.10"]
[SourceQuality "1"]

1. c4 e5 2. Nc3 Nf6 3. Nf3 e4 4. Ng5 c6 5. Ngxe4 Nxe4 6. Nxe4 d5 7. cxd5 cxd5 8. Nc3 d4 9. Ne4 Nc6 10. e3 Qd5 11. Ng3 h5 12. e4 Qa5 13. h4 Bd6 14. Be2 Bxg3 15. fxg3 Qe5 16. 0-0 Qxg3 17. d3 Qxh4 18. Bf4 Bg4 19. Rc1 Bxe2 20. Qxe2 Qg4 21. Qf2 h4 22. Rc5 f6 23. Kh1 h3 24. g3 Rd8 25. Kh2 Qd7 26. a3 b6 27. Rf5 Ne7 28. g4 Nxf5 29. gxf5 Rc8 30. Qf3 Rc2+ 31. Kh1 h2 32. Qg4 Kf8 33. Re1 Qb5 34. Qg3 Qxb2 35. Bd6+ Kg8 36. Qg6 Rc8 37. Bf4 Qc3 38. Qg3 Rh3 39. Qf2 Rf3 40. Qe2 Rxf4 0-1

[Event "Titled Tuesday intern op 28th Mar Early"]
[Site "Chess.com INT"]
[Date "2023.03.28"]
[Round "8"]
[White "Shivakumar, Shawnak"]
[Black "Ashraf, Artin"]
[Result "1/2-1/2"]
[WhiteElo "2418"]
[BlackElo "2314"]
[PlyCount "159"]
[EventDate "2023.03.28"]
[EventType "swiss (blitz)"]
[EventRounds "11"]
[EventCountry "USA"]
[SourceTitle "EXT 2024"]
[Source "ChessBase"]
[SourceDate "2023.10.10"]
[SourceVersion "1"]
[SourceVersionDate "2023.10.10"]
[SourceQuality "1"]

1. e4 c5 2. Nf3 d6 3. c3 Nf6 4. Be2 g6 5. 0-0 Bg7 6. d3 0-0 7. a3 Nc6 8. Nbd2 e5 9. b4 b6 10. b5 Ne7 11. c4 Nh5 12. g3 f5 13. Nh4 Nf6 14. exf5 gxf5 15. Bf3 Rb8 16. a4 Ng6 17. Nxg6 hxg6 18. a5 Bb7 19. axb6 axb6 20. Ra7 Qc8 21. Bxb7 Rxb7 22. Qa4 f4 23. Rxb7 Qxb7 24. f3 Ra8 25. Qc2 d5 26. cxd5 Nxd5 27. Qc4 Kh7 28. Ne4 Qd7 29. Ng5+ Kh8 30. Ne4 Ra5 31. Ng5 Rxb5 32. Qe4 Ne7 33. Qa8+ Qc8 34. Qa7 Qe8 35. Ne6 Rb1 36. Qa2 Rb4 37. Nxg7 Kxg7 38. gxf4 exf4 39. Bb2+ Kh7 40. Re1 Qf8 41. Bc3 Nf5 42. Bxb4 cxb4 43. Qc4 Qd6 44. Re4 b3 45. Qxb3 Qc5+ 46. Kg2 Ne3+ 47. Rxe3 fxe3 48. Qf7+ Kh6 49. Qf4+ Kg7 50. d4 Qc2+ 51. Kg3 Qf2+ 52. Kh3 Qf1+ 53. Kg3 Qg1+ 54. Kh3 Qf1+ 55. Kg3 Qf2+ 56. Kh3 e2 57. Qe5+ Kf7 58. Qd5+ Ke7 59. Qe5+ Kd7 60. Qd5+ Kc7 61. Qc4+ Kb7 62. Qd5+ Ka6 63. Qa2+ Kb5 64. Qb3+ Kc6 65. Qe6+ Kc7 66. Qe5+ Kb7 67. Qd5+ Kb8 68. Qd6+ Ka7 69. Qd7+ Ka6 70. Qa4+ Kb7 71. Qd7+ Kb8 72. Qd8+ Kb7 73. Qd7+ Ka8 74. Qa4+ Kb8 75. Qe8+ Kc7 76. Qe7+ Kc6 77. Qe6+ Kb5 78. Qb3+ Ka6 79. Qa4+ Kb7 80. Qd7+ 1/2-1/2

[Event "Titled Tuesday intern op 28th Mar Early"]
[Site "Chess.com INT"]
[Date "2023.03.28"]
[Round "3"]
[White "Shivakumar, Shawnak"]
[Black "De Silva, LMST"]
[Result "1-0"]
[WhiteElo "2418"]
[BlackElo "2452"]
[PlyCount "55"]
[EventDate "2023.03.28"]
[EventType "swiss (blitz)"]
[EventRounds "11"]
[EventCountry "USA"]
[SourceTitle "EXT 2024"]
[Source "ChessBase"]
[SourceDate "2023.10.10"]
[SourceVersion "1"]
[SourceVersionDate "2023.10.10"]
[SourceQuality "1"]

1. e4 e5 2. Nf3 Nc6 3. Bc4 Nf6 4. Ng5 d5 5. exd5 Na5 6. Bb5+ c6 7. dxc6 bxc6 8. Bd3 Ng4 9. Ne4 f5 10. Be2 h5 11. h3 fxe4 12. hxg4 Bc5 13. d4 exd4 14. Nd2 Qe7 15. Rxh5 0-0 16. Rxc5 e3 17. Rxa5 Rxf2 18. Nf3 c5 19. c3 Bxg4 20. Qb3+ Kh8 21. cxd4 Bxf3 22. gxf3 Qh4 23. Bxe3 Rxf3+ 24. Kd2 Rh3 25. Rxc5 Rd8 26. Rh5+ Qxh5 27. Bxh5 Rxh5 28. Qf7 1-0

[Event "Titled Tuesday intern op 25th Oct Early"]
[Site "Chess.com INT"]
[Date "2022.10.25"]
[Round "7"]
[White "Shivakumar, Shawnak"]
[Black "Makhmudov, Shukhrat"]
[Result "0-1"]
[WhiteElo "2189"]
[BlackElo "2115"]
[PlyCount "116"]
[EventDate "2022.10.25"]
[EventType "swiss (blitz)"]
[EventRounds "11"]
[EventCountry "USA"]
[SourceTitle "EXT 2024"]
[Source "ChessBase"]
[SourceDate "2023.10.10"]
[SourceVersion "1"]
[SourceVersionDate "2023.10.10"]
[SourceQuality "1"]

1. c4 Nf6 2. Nc3 c5 3. g3 d5 4. cxd5 Nxd5 5. Bg2 Nb6 6. Ne4 e5 7. Nf3 Nc6 8. Qc2 Nd4 9. Nxd4 cxd4 10. a4 Be7 11. a5 Nd5 12. a6 Nb4 13. Qc4 Be6 14. Qb5+ Bd7 15. Qc4 b5 16. Qb3 Be6 17. Qd1 Rc8 18. 0-0 Nc2 19. Rb1 Ba2 20. Nc3 dxc3 21. Qxc2 cxd2 22. Bc6+ Kf8 23. Bxd2 Bd5 24. Rfd1 Bxc6 25. Bb4 Qc7 26. Qc3 Bxb4 27. Qxb4+ Qe7 28. Qg4 Rd8 29. e3 h5 30. Qf5 g6 31. Rxd8+ Qxd8 32. Qxe5 Qd5 33. Qxh8+ Ke7 34. e4 Qxe4 35. Kf1 Qxb1+ 36. Ke2 Qc2+ 37. Ke3 Qe4+ 38. Kd2 Qb4+ 39. Ke2 Qc4+ 40. Ke3 Qc1+ 41. Kd3 Qd1+ 42. Ke3 Qe1+ 43. Kd3 Be4+ 44. Kd4 Bf5 45. Qe5+ Qxe5+ 46. Kxe5 Be6 47. f3 Kd7 48. f4 Kc6 49. h3 Kc5 50. g4 hxg4 51. hxg4 Bxg4 52. Kf6 Be6 53. Ke7 Kb6 54. Kd8 Kxa6 55. Kc7 Ka5 56. Kb7 a6 57. Ka7 f6 58. Kb7 g5 0-1